Statistiken für Die besten Filme der 90er

Klicken Sie hier um das Quiz zu spielen!

Allgemein

  • Dieses Quiz wurde 172 mal gespielt
  • Das Durchschnittsergebnis liegt bei 9 aus 42

Antwortstatistiken

PlatzierungFilmErscheinungsjahr% Korrekt
8.Pulp Fiction1994
63%
11.Forrest Gump1994
60%
1.Die Verurteilten1994
50%
151.Jurassic Park1993
49%
12.Fight Club1999
42%
6.Schindlers Liste1993
42%
36.Der König der Löwen1994
41%
16.Matrix1999
39%
22.Das Schweigen der Lämmer1991
36%
19.Sieben1995
35%
24.Der Soldat James Ryan1998
33%
29.Terminator 2 - Tag der Abrechnung1991
32%
17.GoodFellas - Drei Jahrzehnte in der Mafia1990
30%
250.Der mit dem Wolf tanzt1990
25%
90.Reservoir Dogs - Wilde Hunde1992
23%
113.Heat1995
21%
26.The Green Mile1999
21%
75.Toy Story1995
21%
73.Braveheart1995
19%
246.Aladdin1992
18%
139.Casino1995
17%
34.Léon: Der Profi1994
16%
67.American Beauty1999
14%
39.Die üblichen Verdächtigen1995
14%
111.L.A. Confidential1997
12%
142.The Sixth Sense1999
12%
38.American History X1998
11%
25.Das Leben ist schön1997
11%
249.Die Schöne und das Biest1991
11%
145.Die Truman Show1998
10%
82.Good Will Hunting: Der gute Will Hunting1997
10%
137.Erbarmungslos1992
9%
201.The Big Lebowski1998
9%
223.Und täglich grüßt das Murmeltier1993
9%
171.Fargo: Blutiger Schnee1996
7%
79.Prinzessin Mononoke1997
3%
186.Before Sunrise - Zwischenstopp in Wien1995
2%
162.Bube Dame König grAS1998
2%
189.Im Namen des Vaters1993
2%
168.Trainspotting - Neue Helden1996
2%
238.Hass1995
1%
180.Kinder des Himmels1997
1%

Verteilung der Resultate

Perzentil nach korrekt beantworteten Fragen

Anzahl Personen mit jedem Resultat

Ihre Resultats-Entwicklung

Sie haben dieses Quiz noch nicht gespielt